[Event "Sabadell Coral Colon op 12th"]
[Site "Sabadell"]
[Date "2018.03.02"]
[Round "4"]
[White "Pina Cano, Francisco"]
[Black "Bernal Soler, Miquel"]
[Result "1-0"]
[WhiteElo "1583"]
[BlackElo "1700"]
[PlyCount "57"]
[EventDate "2018.02.09"]
[EventType "swiss"]
[EventRounds "9"]
[EventCountry "ESP"]
[SourceTitle "EXT 2019"]
[Source "ChessBase"]
[SourceDate "2018.10.10"]
[SourceVersion "1"]
[SourceVersionDate "2018.10.10"]
[SourceQuality "1"]

1. Nf3 Nc6 2. c4 e5 3. e4 Nf6 4. Nc3 Bb4 5. d3 0-0 6. Bd2 d6 7. a3 Bc5 8. b4 Bd4 9. Nxd4 Nxd4 10. Bg5 h6 11. Be3 Bg4 12. Be2 Bxe2 13. Nxe2 Nxe2 14. Qxe2 Qd7 15. 0-0 b6 16. f4 Ng4 17. Bd2 c5 18. h3 Nf6 19. fxe5 dxe5 20. Bc3 a5 21. b5 Rae8 22. Rae1 Qe6 23. Rf5 Rd8 24. a4 Nh7 25. Qg4 Ng5 26. h4 Nh7 27. Qg3 Nf6 28. Bxe5 Nxe4 29. Qxg7# 1-0

[Event "Sabadell Coral Colon op 12th"]
[Site "Sabadell"]
[Date "2018.02.23"]
[Round "3"]
[White "Herrera Grande, Placid"]
[Black "Pina Cano, Francisco"]
[Result "0-1"]
[WhiteElo "1197"]
[BlackElo "1583"]
[PlyCount "88"]
[EventDate "2018.02.09"]
[EventType "swiss"]
[EventRounds "9"]
[EventCountry "ESP"]
[SourceTitle "EXT 2019"]
[Source "ChessBase"]
[SourceDate "2018.10.10"]
[SourceVersion "1"]
[SourceVersionDate "2018.10.10"]
[SourceQuality "1"]

1. d4 d5 2. Bf4 e6 3. e3 Nf6 4. c3 c5 5. Nd2 Nc6 6. h3 cxd4 7. exd4 Bd6 8. Bh2 Bxh2 9. Rxh2 Qc7 10. g3 0-0 11. Ngf3 e5 12. Nb3 e4 13. Ne5 Nxe5 14. dxe5 Qxe5 15. Qd4 Qd6 16. 0-0-0 b6 17. Be2 Be6 18. Qe3 a5 19. Nd2 Qc6 20. f4 Rfd8 21. Nb3 Qa4 22. Kb1 d4 23. Rxd4 Rxd4 24. cxd4 Rd8 25. Nc1 Rxd4 26. b3 Qb4 27. Bg4 Bxg4 28. Rc2 g6 29. hxg4 Nxg4 30. Qg1 e3 31. Ne2 Rd2 32. Qc1 Qe4 33. Nc3 Qd3 34. Qb2 Qf1+ 35. Qc1 Qd3 36. a3 Nf2 37. Na2 Rd1 38. Kb2 Rxc1 39. Nxc1 Qd1 40. Ne2 Nd3+ 41. Kc3 Nc5 42. Nd4 Qd3+ 43. Kb2 Qxd4+ 44. Kc1 Qa1# 0-1

[Event "Terrassa Barad op"]
[Site "Terrassa"]
[Date "2013.??.??"]
[Round "8"]
[White "Pina Cano, Francisco"]
[Black "Armengol Badia, Joan"]
[Result "1-0"]
[WhiteElo "1584"]
[BlackElo "1340"]
[PlyCount "67"]
[EventDate "2013.10.18"]
[EventType "swiss"]
[EventRounds "8"]
[EventCountry "ESP"]
[SourceTitle "EXT 2015"]
[Source "ChessBase"]
[SourceDate "2014.11.20"]
[SourceVersion "1"]
[SourceVersionDate "2014.11.20"]
[SourceQuality "1"]

1. e4 c5 2. Nf3 e6 3. c4 a6 4. Nc3 Nc6 5. d3 Qc7 6. g3 Be7 7. Bg2 Nf6 8. 0-0 0-0 9. Re1 Nd4 10. Bf4 d6 11. e5 dxe5 12. Bxe5 Qb6 13. Rb1 Nd7 14. Na4 Qd8 15. Bxd4 cxd4 16. Nxd4 Bc5 17. Nf3 Bb4 18. Re2 b5 19. cxb5 axb5 20. Nc3 Bxc3 21. bxc3 Nc5 22. Nd4 Na4 23. Qb3 Nc5 24. Qxb5 Ba6 25. Qxc5 Bxd3 26. Rd2 Rb8 27. Rxb8 Qxb8 28. Rxd3 Qb1+ 29. Bf1 Qxa2 30. Nc6 g6 31. Ne7+ Kg7 32. Qd4+ f6 33. Rd2 Rb8 34. Rxa2 1-0

[Event "Sabadell Coral Colon op 6th"]
[Site "Sabadell"]
[Date "2012.02.10"]
[Round "1"]
[White "Pina Cano, Francisco"]
[Black "Ara Aymani, Emili"]
[Result "0-1"]
[WhiteElo "1667"]
[BlackElo "1980"]
[PlyCount "96"]
[EventDate "2012.02.10"]
[EventType "swiss"]
[EventRounds "9"]
[EventCountry "ESP"]
[SourceTitle "EXT 2014"]
[Source "ChessBase"]
[SourceDate "2013.11.20"]
[SourceVersion "1"]
[SourceVersionDate "2013.11.20"]
[SourceQuality "1"]

1. d4 Nf6 2. c4 e6 3. Nc3 Bb4 4. Bg5 h6 5. Bxf6 Qxf6 6. Nf3 c5 7. e3 Nc6 8. Be2 cxd4 9. Nxd4 Bxc3+ 10. bxc3 a6 11. 0-0 0-0 12. Qc2 Re8 13. a4 e5 14. Nxc6 dxc6 15. Rab1 Qg5 16. Rfd1 e4 17. Rd4 f5 18. Qd2 Qe7 19. Rd1 Qa3 20. Bh5 Rf8 21. Rd8 Be6 22. Rxa8 Rxa8 23. Qd6 Qxd6 24. Rxd6 Bxc4 25. Bg6 Rf8 26. a5 Kh8 27. Rd7 Rf6 28. Bh5 g6 29. Bd1 Rf7 30. Rxf7 Bxf7 31. h4 Kg7 32. Be2 Kf6 33. g3 Ke5 34. Kf1 Kd5 35. Ke1 Kc5 36. g4 fxg4 37. Bxg4 Kb5 38. Bc8 Bd5 39. Bxb7 Be6 40. Ke2 Bd7 41. f3 Kxa5 42. fxe4 Kb6 43. Bxa6 Kxa6 44. Kd3 g5 45. hxg5 hxg5 46. e5 Kb5 47. Kd4 Be6 48. e4 g4 0-1